| 000 | 00476nam a2200169 a 4500 | ||
|---|---|---|---|
| 005 | 20240924070911.0 | ||
| 008 | 991125s1969 ea 000 0 eng u | ||
| 035 | _aUPN01000015880 | ||
| 049 | _aCG | ||
| 050 | 4 |
_aLB1050 _bS7.3 |
|
| 100 | 1 | _aStauffer, Russell G. | |
| 245 | 1 | 0 |
_aDirecting reading maturity as a cognitive process / _cRussell G. Stauffer. |
| 260 |
_aNew York : _bHarper & Row, _cc1969. |
||
| 300 |
_a498 p. : _bil. |
||
| 650 | 4 |
_aLectura _913351 |
|
| 905 | _aLibro | ||
| 999 |
_c15880 _d15880 |
||